02254cam a22003735a 450000100090000000300090000900500170001800800410003502000380007603500240011403500390013804000660017704300120024308200200025510000420027524500790031724600580039626400460045430000770050033600260057733700280060333800270063150400510065850500430070952007830075260000430153565000600157865100100163865300240164865500240167294200120169699900170170895201550172514860574EG-ScBUE20220125110215.0070522s2007 enka f b f001 0beng d a9780199215577 (v. 1 : alk. paper) a(OCoLC)ocn134992772 a(OCoLC)134992772z(OCoLC)154707888 aDLCbengerdacDLCdBAKERdBTCTAdBWKUKdYDXCPdDLCdEG-ScBUE an-us---04a811.52bMOO2221 aMoody, Anthony David,eauthor.93981510aEzra Pound :bpoet : a portrait of the man and his work /cA. David Moody.34aEzra Pound :bpoet : a portrait of the man & his work 1aOxford :bOxford University Press,c2007. avolume 1 (xv, 507 pages, [12] pages of plates) :billustrations ;c24 cm 2rdacontentatextbtxt 2rdamediaaunmediatedbn 2rdacarrieravolumebnc aIncludes bibliographical references and index.1 aVolume 1. The young genius, 1885-1920. aThis first volume of what will be a full-scale portrait presents Ezra Pound as a very determined and energetic young genius setting out to make his way both as a poet and as a force for civilization in England and America in the years before, during and just after the 1914-18 war. This is the first biography to put Pound's poetry at the heart of his existence, where he himself placed it, and to view his extraordinarily active life, his loves, and his creative effort, as a single complex drama. The poetry, the prose writings, and the personal life are all woven together into a brilliant narrative portrait of the poet as a young man. A second volume will carry on the narrative of his life and works from 1921, the year in which he took up residence in Paris. - Publisher.17aPound, Ezra,d1885-1972.2BUEsh939814 7aPoets, Americany20th centuryvBiography.2BUEsh924619 2BUEsh cApril2016bHHUUEENN vReading book934232 2ddccBB c21620d21592 00102ddc40708Modern A. aMAINbMAINc2NDd2016-04-13ePurchaseg262.50h229l0o811.52 MOOp000032349r2025-07-15 00:00:00v328.13w2016-04-13yBB